000 00433nam a2200145 i 4500
001 44055
003 ES-MaACL
007 t|
008 030320s1978 sp ||||1| spa d
100 1 _aCazorla Prieto, Luis María.
_937254
245 1 0 _aTemas de derecho administativo /
_cLuis María Cazorla Prieto.
260 _a[Madrid] :
_bMinisterio de Hacienda,
_c[1978]
300 _a620 p. ;
_c24 cm.
852 _aES-MaACL
_jL-4609
_bR.105379
999 _c44055
_d44055